000 00544nam a2200193Ia 4500
005 20230517101809.0
008 131103s9999 xx 000 0 und d
040 _aLoreto College
041 _aEnglish
082 _aTAG 891.44
_bTAG-ALI
100 _aAli, Syed Mujtaba
245 _aGurudev o santinikatan
_cSyed Mujtaba Ali
260 _aCalcutta
_bMitra and Ghosh
_c1981
300 _a181p
650 _aTagore, Rabindranath, 1861-1941 - Criticism and Interpritation
651 _aBengali Literature
850 _aLCLIB
942 _cBK
999 _c16846
_d67325